|
|
|
|
| LEADER |
01034nam a2200325 4500 |
| 001 |
DLU090096477 |
| 005 |
##20091201 |
| 040 |
# |
# |
|a DLU
|b eng
|
| 041 |
# |
# |
|a eng
|
| 044 |
# |
# |
|a us
|
| 100 |
# |
# |
|a Day, W. A., Jr.
|
| 245 |
# |
# |
|a Use of an arbitrarily primed PCR product in the development of a Campylobacter jejuni-specific PCR /
|c W. A. Day, Jr, I. L. Pepper, L. A. Joens.
|
| 653 |
# |
# |
|a Bacteria
|
| 653 |
# |
# |
|a Campylobacter jejuni
|
| 653 |
# |
# |
|a Campylobacteraceae
|
| 653 |
# |
# |
|a Performance evaluation
|
| 653 |
# |
# |
|a Polymerase chain reaction
|
| 653 |
# |
# |
|a Species specificity
|
| 700 |
# |
# |
|a Joens, L. A.
|
| 700 |
# |
# |
|a Pepper, I. L.
|
| 773 |
# |
# |
|t Applied and Environmental Microbiology
|g Vol. 63, no. 3 (March 1997), p. 1019-1023
|
| 920 |
# |
# |
|a Phòng Tạp chí -- Trung tâm Thông tin - Thư viện Trường Đại học Đà Lạt
|
| 994 |
# |
# |
|a DLU
|
| 900 |
# |
# |
|a True
|
| 911 |
# |
# |
|a Trương Bảo Trâm Anh
|
| 925 |
# |
# |
|a G
|
| 926 |
# |
# |
|a A
|
| 927 |
# |
# |
|a BB
|
| 980 |
# |
# |
|a Thư viện Trường Đại học Đà Lạt
|